Historia y técnica de la cerámica / (Record no. 118973)

MARC details
000 -LEADER
campo de control de longitud fija 00671nam a2200217 i 4500
001 - NÚMERO DE CONTROL
campo de control 118973
003 - IDENTIFICADOR DE NÚMERO DE CONTROL
campo de control ES-MaACL
005 - FECHA Y HORA DE LA ÚLTIMA TRANSACCIÓN
campo de control 20230906191220.0
007 - CAMPO FIJO DE DESCRIPCIÓN FÍSICA--INFORMACIÓN GENERAL
campo de control de longitud fija t|
008 - DATOS DE LONGITUD FIJA--INFORMACIÓN GENERAL
campo de control de longitud fija 070214s1943 sp f |||| | spa d
100 1# - ENTRADA PRINCIPAL--NOMBRE DE PERSONA
Nombre de persona Pérez-Dolz, Francisco.
9 (RLIN) 90836
245 10 - MENCIÓN DEL TÍTULO
Título Historia y técnica de la cerámica /
Mención de responsabilidad, etc. por Francisco Pérez-Dolz.
260 ## - PUBLICACIÓN, DISTRIBUCIÓN, ETC.
Lugar de publicación, distribución, etc. Barcelona :
Nombre del editor, distribuidor, etc. Meseguer Editor,
Fecha de publicación, distribución, etc. 1943.
300 ## - DESCRIPCIÓN FÍSICA
Extensión 187 p. 1 lám. col., X lám. n. ;
Dimensiones 18 cm.
490 1# - MENCIÓN DE SERIE
Mención de serie Manuales Meseguer
650 #4 - PUNTO DE ACCESO ADICIONAL DE MATERIA--TÉRMINO DE MATERIA
Término de materia o nombre geográfico como elemento de entrada Cerámica-
Subdivisión general Historia.
9 (RLIN) 135759
650 #4 - PUNTO DE ACCESO ADICIONAL DE MATERIA--TÉRMINO DE MATERIA
Término de materia o nombre geográfico como elemento de entrada Cerámica-
Subdivisión general Técnica.
9 (RLIN) 165643
830 0# - PUNTO DE ACCESO ADICIONAL DE SERIE-TÍTULO UNIFORME
Título uniforme Manuales Meseguer
9 (RLIN) 186432
852 ## - LOCALIZACIÓN
Ubicación ES-MaACL
Número de control de estantería B-10496
Holdings
Estatus retirado Estado de pérdida Estado de daño No para préstamo Biblioteca de origen Biblioteca actual Ubicación en estantería Fecha de adquisición Fuente de adquisición Total de préstamos Signatura topográfica completa Código de barras Visto por última vez Precio de reemplazo Tipo de ítem Koha
        Biblioteca del Ateneo de Madrid Biblioteca del Ateneo de Madrid Sala Pardo Bazán 17/01/2008     B-10496 1124028 23/02/2023 23/02/2023 Libro impreso